Lord of the Mysteries - The Hermit Pathway - Statistics

General Stats
  • This quiz has been taken 30 times
  • The average score is 6 of 10
Answer Stats
Sequence Number Name of Potion % Correct
Sequence 0 The Hermit
100%
Sequence 9 Mystery Pryer
71%
Sequence 2 Sage
67%
Sequence 1 Knowledge Emperor
57%
Sequence 7 Warlock
52%
Sequence 8 Melee Scholar
48%
Sequence 4 Mysticologist
48%
Sequence 3 Clairvoyant
43%
Sequence 5 Constellations Master
33%
Sequence 6 Scrolls Professor
33%
No matching quizzes found
Score Distribution
Percent of People with Each Score
Percentile by Number Answered
Your Score History
You have not taken this quiz